000 00814cam a2200229 4500
001 WB3616-17
008 000000n2000 000 0 eng u
035 _a(Sirsi) u105662
245 _aWest End office shortages
260 _c2000
490 _aEstates Gazette
_v(0016) 22 April 2000. 34(1)
520 _aThe gap in London between top office rents in the City and the West End is running at £188.37 per m2 according to the latest report from Insignia Richard Ellis.
590 _aWB
650 _aCITY OF LONDON
650 _aLONDON
650 _aWEST END OF LONDON
650 _aPROPERTY-COMMERCIAL PROPERTY-OFFICE PROPERTY-OFFICE PROPERTY MARKET
650 _aOFFICE RENTS
650 0 _aINSIGNIA RICHARD ELLIS
690 _aPROPERTY-COMMERCIAL PROPERTY-COMMERCIAL PROPERTY MARKET
942 _n0
999 _c63282
_d63282